00939nam a2200169 a 4500008004100000020001800041050001400059110005800073245026500131260007300396300002000469350000900489650004400498995009100542999001700633952011900650101201s2010 ||||||||||||||||| || u a9789211170283 aUNECE(02) aUnited Nations Economic Commission for Europe (UNECE)10aGuidelines on the setting of targets, evaluation of progress and reporting: protocol on water and health to the convention on the protection and use of transboundary watercources and international lakescby United Nations Economic Commission for Europe [UNECE] aGeneva:bUnited Nations Economic Commission for Europe (UNECE)c2010 axiv, 51p.: ill. a0.00 aWATER RESOURCES DEVELOPMENT--ACCOUNTING FCBU-MAIN LIBRARY (Kitwe)I0.00M1UAVAILABLEWJul 12, 2013ZInternational Publications c45186d45186 00102lcc4070a001b001cInternational Publicationsd2022-11-30l0oUNECE(02)pB741r2022-11-30w2022-11-30y002